[Event "Bad Woerishofen Seniors op 32nd"]
[Site "Bad Woerishofen"]
[Date "2016.03.01"]
[Round "5"]
[White "Felger, Karl"]
[Black "Koppenhoefer, Heinz"]
[Result "1-0"]
[WhiteElo "1813"]
[BlackElo "1672"]
[PlyCount "73"]
[EventDate "2016.02.26"]
[EventType "swiss"]
[EventRounds "9"]
[EventCountry "GER"]
[SourceTitle "EXT 2019"]
[Source "ChessBase"]
[SourceDate "2018.10.10"]
[SourceVersion "1"]
[SourceVersionDate "2018.10.10"]
[SourceQuality "1"]

1. d4 d5 2. f4 Bf5 3. Nf3 e6 4. g3 Nc6 5. Bg2 Be7 6. 0-0 h6 7. c3 Qd6 8. Nbd2 0-0-0 9. Ne5 f6 10. Nf7 Qd7 11. Nxh8 Bf8 12. e4 Bh7 13. exd5 exd5 14. Re1 g6 15. Qe2 Qg7 16. Qe6+ Kb8 17. Nf7 Rc8 18. Bh3 f5 19. Ne5 Nxe5 20. Rxe5 Nf6 21. Re1 c6 22. Qe5+ Ka8 23. Qe2 g5 24. Qe6 Rd8 25. Bxf5 Bxf5 26. Qxf5 gxf4 27. Qxf4 Bd6 28. Qh4 Rd7 29. Nf3 Ne4 30. Bxh6 Qf6 31. Qxf6 Nxf6 32. Re6 Ne4 33. Re8+ Bb8 34. Bf4 Nd6 35. Rae1 b6 36. R8e7 Rxe7 37. Rxe7 1-0

[Event "Bad Woerishofen Seniors op 30th"]
[Site "Bad Woerishofen"]
[Date "2014.03.29"]
[Round "9"]
[White "Koppenhoefer, Heinz"]
[Black "Scholtyssek, Werner"]
[Result "1/2-1/2"]
[WhiteElo "1710"]
[BlackElo "1799"]
[PlyCount "68"]
[EventDate "2014.03.21"]
[EventType "swiss"]
[EventRounds "9"]
[EventCountry "GER"]
[SourceTitle "EXT 2019"]
[Source "ChessBase"]
[SourceDate "2018.10.10"]
[SourceVersion "1"]
[SourceVersionDate "2018.10.10"]
[SourceQuality "1"]

1. e4 e5 2. Nf3 Nc6 3. Nc3 Bc5 4. Bc4 Nf6 5. d3 0-0 6. a3 a6 7. Bg5 Be7 8. Nd5 d6 9. h3 Na5 10. Ba2 b5 11. Qd2 Nb7 12. b4 Be6 13. Nxe7+ Qxe7 14. 0-0 Bxa2 15. Rxa2 Qe6 16. Raa1 Rac8 17. Bxf6 Qxf6 18. Rfc1 Qe7 19. Qe3 c5 20. c4 Qd7 21. Rc3 f5 22. exf5 Rxf5 23. Rac1 bxc4 24. Rxc4 h6 25. R4c3 Rcf8 26. R1c2 Rf4 27. Kh2 cxb4 28. axb4 Rxb4 29. Rc7 Qb5 30. d4 Re8 31. dxe5 Nc5 32. R7xc5 dxc5 33. Rxc5 Qa4 34. Qd3 Qb3 1/2-1/2

[Event "Bad Woerishofen Seniors op 30th"]
[Site "Bad Woerishofen"]
[Date "2014.03.24"]
[Round "4"]
[White "Blosze, Winfried"]
[Black "Koppenhoefer, Heinz"]
[Result "1-0"]
[WhiteElo "1857"]
[BlackElo "1710"]
[PlyCount "127"]
[EventDate "2014.03.21"]
[EventType "swiss"]
[EventRounds "9"]
[EventCountry "GER"]
[SourceTitle "EXT 2019"]
[Source "ChessBase"]
[SourceDate "2018.10.10"]
[SourceVersion "1"]
[SourceVersionDate "2018.10.10"]
[SourceQuality "1"]

1. e4 e5 2. Nf3 Nc6 3. Bb5 Nf6 4. d3 d6 5. h3 Be7 6. 0-0 0-0 7. Bg5 Be6 8. c3 Nb8 9. Nbd2 c6 10. Ba4 Na6 11. Qe2 Nh5 12. Be3 f5 13. exf5 Rxf5 14. g4 Nf4 15. Bxf4 Rxf4 16. d4 Bd5 17. Bb3 Bxb3 18. axb3 exd4 19. Nxd4 Nc7 20. Nf5 Bf6 21. Nc4 Nb5 22. Qe6+ Kh8 23. Ncxd6 Nxd6 24. Nxd6 Qe7 25. Qxe7 Bxe7 26. Nxb7 Rf7 27. Na5 c5 28. Rfe1 Bh4 29. Re2 Raf8 30. Rf1 Rf3 31. Kg2 Bd8 32. Nc4 Bc7 33. Re7 Bb8 34. Nd2 R3f4 35. f3 R4f6 36. Ne4 Rb6 37. Ng5 Rxb3 38. Rf2 Rb5 39. Ne6 Rg8 40. Rd2 h6 41. f4 Rb6 42. f5 a5 43. Rf7 Be5 44. Nxc5 Bf4 45. Re2 Bg5 46. Rb7 Rc6 47. Ne6 Bf6 48. Ra7 Rb8 49. Rxa5 Rcb6 50. Ra2 Rb3 51. Nc5 R3b5 52. Nd7 R8b7 53. Nxf6 gxf6 54. b4 Kg7 55. Ra6 Rc7 56. Re3 Rd5 57. Kf3 Kf7 58. Rae6 Rd1 59. b5 Rb1 60. Rc6 Rxc6 61. bxc6 Rb8 62. Ke2 Rc8 63. Re6 Rd8 64. Ke3 1-0